Vzdelávanie produkuje gramotnú spoločnosť

Charakteristika vzdelávania podľa slovníka cudzích slov. Marketingová orientácia vzdelávania. Učíme sa pre požiadavky trhu práce. Technológia naučiť sa učiť sa.

Gespeichert in:
Bibliographische Detailangaben
1. Verfasser: Hölcz, Róbert
Format: Buchkapitel
Sprache:Slowakisch
Schlagworte:
Tags: Tag hinzufügen
Keine Tags, Fügen Sie das erste Tag hinzu!

MARC

LEADER 00000naa$a2200000$$$4500
001 0095195
005 20231006123344.1
041 0 |a slo 
044 |a SK 
245 1 0 |a Vzdelávanie produkuje gramotnú spoločnosť  |c Róbert Hölcz 
520 |a Charakteristika vzdelávania podľa slovníka cudzích slov. Marketingová orientácia vzdelávania. Učíme sa pre požiadavky trhu práce. Technológia naučiť sa učiť sa. 
610 2 0 |a vzdelávanie 
610 2 0 |a firmy 
610 2 0 |a trh práce 
610 2 0 |a gramotnosť 
100 1 |a Hölcz, Róbert